000 00917nas a2200289 4500
001 BR0205490
003 BR-BrBNA
005 20231205103359.0
007 ta
008 230509b bl.|||p| |||| 00| 00por d
040 _aBR-BrBNA
_bpor
_cBiblioteca Nacional de Agricultura
041 _a(Pt)
072 _aE70
100 1 _aLopes, M. de R.
245 1 _aForça estratégica: os modelos mentais e os paradigmas indicam que a classe agrícola está madura para seguir avançando em direção ao crescimento do setor
650 _aAGRIBUSINESS
650 _aANÁLISE ECONÔMICA
650 _aDEMANDA
650 _aINVESTIMENTO
650 _aMÉTODO
650 _aTRABALHO
650 _aPLANEJAMENTO
650 _aPOLÍTICA GOVERNAMENTAL
773 0 _tAgroanalysis (Brazil)
_xISSN 0100-4298
_g(Aug 2002), v. 22(6) p. 21-23
_wBR0205490
909 _a202311
_bLúcia
_c55
_dLúcia Elande
942 _2AGRIS
_n0
_cANA
999 _c172560
_d172560